000 00448nam a2200157 i 4500
001 115744
003 ES-MaACL
005 20230906190541.0
007 t|
008 070511s1978 sp ||||1| spa d
110 2 _aUniversidad de Granada.
_97176
245 1 0 _aGuía de profesores y alumnos 1978.
260 _aGranada :
_bUniversidad de Granada,
_c1978.
300 _a418, 126 p., 2 lám. col. ;
_c20 cm.
852 _aES-MaACL
_jA-8904
_bR.98364
999 _c115744
_d115744